000 00270nam a2200109Ia 4500
008 190216s9999||||xx |||||||||||||| ||und||
100 _aUnnikrishnan Puthoor
245 0 _aEchumopol
260 _bSahithya Pravarthaka Sahakarana Sangam
650 _aKathakal
942 _cBK
999 _c25860
_d25860